[Event "Israel-ch Women 2021"]
[Site "Haifa"]
[Date "2021.03.08"]
[Round "2.18"]
[White "Katkov, Michelle"]
[Black "Levitan, Ronit"]
[Result "1-0"]
[WhiteElo "2078"]
[BlackElo "2048"]
[Annotator "ChessBase"]
[PlyCount "155"]
[EventDate "2021.01.10"]
[EventType "swiss"]
[EventCountry "ISR"]
[SourceTitle "playchess.com"]
[Source "ChessBase"]
[SourceQuality "1"]
[TimeControl "40/5400+30:3600+30"]

1. e4 {[%emt 0:00:00]} e5 {[%emt 0:00:16]} 2. Nf3 {[%emt 0:00:00]} Nc6 {[%emt 0:00:07]} 3. Bc4 {[%emt 0:00:00]} Bc5 {[%emt 0:00:05]} 4. c3 {[%emt 0:00:00]} Nf6 {[%emt 0:00:05]} 5. d3 {[%emt 0:00:00]} d6 {[%emt 0:00:08]} 6. Nbd2 {[%emt 0:00:03]} Bb6 {[%emt 0:00:12]} 7. Bb3 {[%emt 0:00:27]} Ne7 {[%emt 0:00:10]} 8. Nc4 {[%emt 0:00:31]} Ng6 {[%emt 0:01:15]} 9. h3 {[%emt 0:01:40]} h6 {[%emt 0:04:28]} 10. O-O {[%emt 0:00:31]} O-O {[%emt 0:00:53]} 11. Re1 {[%emt 0:01:20]} c6 {[%emt 0:03:51]} 12. Nxb6 {[%emt 0:01:13]} Qxb6 {[%emt 0:00:07]} 13. d4 {[%emt 0:04:11]} Re8 {[%emt 0:08:16]} 14. Be3 {[%emt 0:03:22]} c5 {[%emt 0:06:34]} 15. dxc5 {[%emt 0:04:48]} dxc5 {[%emt 0:00:11]} 16. Nd2 {[%emt 0:11:45]} Qc7 {[%emt 0:10:42]} 17. Qf3 {[%emt 0:01:49]} Qe7 {[%emt 0:01:16]} 18. a4 {[%emt 0:12:39]} b6 {[%emt 0:05:35]} 19. Nf1 {[%emt 0:03:54]} Bb7 {[%emt 0:03:37]} 20. Qg3 {[%emt 0:18:39]} Kh8 {[%emt 0:02:09]} 21. f3 {[%emt 0:05:59]} Nh5 {[%emt 0:04:22]} 22. Qf2 {[%emt 0:00:06]} Ngf4 {[%emt 0:05:05]} 23. Red1 {[%emt 0:02:00]} f5 {[%emt 0:01:56]} 24. exf5 {[%emt 0:05:09]} e4 {[%emt 0:00:37]} 25. Bxf4 {[%emt 0:12:03]} Nxf4 {[%emt 0:00:24]} 26. fxe4 {[%emt 0:00:40]} Qxe4 {[%emt 0:01:32]} 27. Ng3 {[%emt 0:00:07]} Qxg2+ {[%emt 0:04:51]} 28. Qxg2 {[%emt 0:00:04]} Bxg2 {[%emt 0:01:33]} 29. Kh2 {[%emt 0:05:25]} Bxh3 {[%emt 0:07:45]} 30. Rd7 {[%emt 0:01:35]} Bg4 {[%emt 0:01:24]} 31. Rf1 {[%emt 0:00:50]} Ne2 {[%emt 0:04:04]} 32. Nxe2 {[%emt 0:01:46]} Rxe2+ {[%emt 0:00:42]} 33. Kg3 {[%emt 0:00:07]} h5 {[%emt 0:00:07]} 34. Bd1 {[%emt 0:02:47]} Re3+ {[%emt 0:03:27]} 35. Kh4 {[%emt 0:00:56]} Bxd1 {[%emt 0:02:18]} 36. Rfxd1 {[%emt 0:00:02]} Rae8 {[%emt 0:01:29]} 37. Rg1 {[%emt 0:01:09]} R8e7 {[%emt 0:03:22]} 38. Rd8+ {[%emt 0:00:23]} Re8 {[%emt 0:01:21]} 39. Rd7 {[%emt 0:00:13]} R8e7 {[%emt 0:00:07]} 40. Rd8+ {[%emt 0:00:24]} Re8 {[%emt 0:00:11]} 41. Rxe8+ {[%emt 0:31:36]} Rxe8 {[%emt 0:30:06]} 42. Kxh5 {[%emt 0:00:06]} Kh7 {[%emt 0:02:04]} 43. Rd1 {[%emt 0:05:43]} Re7 {[%emt 0:01:54]} 44. Rd2 {[%emt 0:02:16]} Rf7 {[%emt 0:05:25]} 45. Kg5 {[%emt 0:00:27]} Re7 {[%emt 0:00:08]} 46. Rd3 {[%emt 0:05:04]} Re2 {[%emt 0:03:19]} 47. b3 {[%emt 0:01:05]} Re7 {[%emt 0:04:57]} 48. Kf4 {[%emt 0:01:06]} Kg8 {[%emt 0:01:09]} 49. Re3 {[%emt 0:01:17]} Rd7 {[%emt 0:01:44]} 50. Ke4 {[%emt 0:00:33]} Kf7 {[%emt 0:01:28]} 51. Rd3 {[%emt 0:00:12]} Re7+ {[%emt 0:01:08]} 52. Kf4 {[%emt 0:01:28]} Kf6 {[%emt 0:01:52]} 53. Rd6+ {[%emt 0:00:05]} Kf7 {[%emt 0:00:03]} 54. Rd8 {[%emt 0:00:26]} Rc7 {[%emt 0:01:17]} 55. Ke5 {[%emt 0:01:16]} Re7+ {[%emt 0:00:28]} 56. Kd5 {[%emt 0:01:40]} Kf6 {[%emt 0:06:29]} 57. Rf8+ {[%emt 0:00:20]} Kg5 {[%emt 0:00:04]} 58. b4 {[%emt 0:01:59]} Re3 {[%emt 0:05:41]} 59. bxc5 {[%emt 0:00:15]} bxc5 {[%emt 0:00:39]} 60. c4 {[%emt 0:00:47]} Ra3 {[%emt 0:03:33]} 61. Kxc5 {[%emt 0:00:04]} Rxa4 {[%emt 0:00:07]} 62. Kd5 {[%emt 0:02:03]} Ra1 {[%emt 0:01:34]} 63. c5 {[%emt 0:00:09]} a5 {[%emt 0:00:38]} 64. c6 {[%emt 0:00:05]} Rd1+ {[%emt 0:01:20]} 65. Ke6 {[%emt 0:01:43]} Re1+ {[%emt 0:00:39]} 66. Kd6 {[%emt 0:00:06]} Rd1+ {[%emt 0:00:13]} 67. Kc5 {[%emt 0:02:58]} Rc1+ {[%emt 0:00:11]} 68. Kb6 {[%emt 0:00:11]} a4 {[%emt 0:01:19]} 69. c7 {[%emt 0:01:24]} a3 {[%emt 0:00:26]} 70. c8=Q {[%emt 0:00:05]} Rxc8 {[%emt 0:00:06]} 71. Rxc8 {[%emt 0:00:02]} Kxf5 {[%emt 0:00:27]} 72. Kc5 {[%emt 0:00:06]} g5 {[%emt 0:00:53]} 73. Kd4 {[%emt 0:00:52]} Kf4 {[%emt 0:00:25]} 74. Rf8+ {[%emt 0:02:13]} Kg3 {[%emt 0:00:42]} 75. Ke3 {[%emt 0:02:43]} g4 {[%emt 0:00:52]} 76. Rg8 {[%emt 0:01:29]} Kh3 {[%emt 0:01:45]} 77. Kf2 {[%emt 0:00:18]} a2 {[%emt 0:00:51]} 78. Rh8# {[%emt 0:00:15]} 1-0

[Event "Israel-ch Women 2021"]
[Site "Haifa"]
[Date "2021.03.08"]
[Round "2.20"]
[White "Reprun, Nadejda"]
[Black "Shaul Seidner, Liad"]
[Result "1-0"]
[WhiteElo "1968"]
[BlackElo "1687"]
[Annotator "ChessBase"]
[PlyCount "123"]
[EventDate "2021.01.10"]
[EventType "swiss"]
[EventCountry "ISR"]
[SourceTitle "playchess.com"]
[Source "ChessBase"]
[SourceQuality "1"]
[TimeControl "40/5400+30:3600+30"]

1. e4 {[%emt 0:00:00]} c5 {[%emt 0:00:00]} 2. Nf3 {[%emt 0:00:00]} e6 {[%emt 0:00:00]} 3. d4 {[%emt 0:00:00]} cxd4 {[%emt 0:00:00]} 4. Nxd4 {[%emt 0:00:00]} a6 {[%emt 0:00:06]} 5. Bd3 {[%emt 0:00:06]} Bc5 {[%emt 0:00:35]} 6. Nb3 {[%emt 0:00:06]} Ba7 {[%emt 0:00:38]} 7. Qg4 {[%emt 0:01:01]} Qf6 {[%emt 0:02:25]} 8. f4 {[%emt 0:01:31]} Nh6 {[%emt 0:03:46]} 9. Qh3 {[%emt 0:05:57]} Qg6 {[%emt 0:17:56]} 10. Nc3 {[%emt 0:09:07]} Qg4 {[%emt 1:09:34]} 11. Qxg4 {[%emt 0:03:13]} Nxg4 {[%emt 0:00:00]} 12. Nd1 {[%emt 0:00:34]} b5 {[%emt 0:00:00]} 13. h3 {[%emt 0:01:42]} Nf6 {[%emt 0:00:00]} 14. Be3 {[%emt 0:01:45]} d6 {[%emt 0:00:00]} 15. Bxa7 {[%emt 0:18:43]} Rxa7 {[%emt 0:00:00]} 16. a3 {[%emt 0:01:48]} Nbd7 {[%emt 0:00:00]} 17. Nc3 {[%emt 0:00:43]} Bb7 {[%emt 0:00:00]} 18. O-O {[%emt 0:04:18]} Nc5 {[%emt 0:00:00]} 19. Nxc5 {[%emt 0:02:35]} dxc5 {[%emt 0:00:00]} 20. e5 {[%emt 0:00:37]} Nd5 {[%emt 0:00:00]} 21. Ne4 {[%emt 0:02:15]} c4 {[%emt 0:00:00]} 22. Nd6+ {[%emt 0:00:17]} Ke7 {[%emt 0:00:00]} 23. Be4 {[%emt 0:00:37]} Ba8 {[%emt 0:00:00]} 24. Bxd5 {[%emt 0:02:34]} Bxd5 {[%emt 0:00:00]} 25. c3 {[%emt 0:00:29]} Rb8 {[%emt 0:00:00]} 26. Rfd1 {[%emt 0:05:39]} g6 {[%emt 0:00:00]} 27. Kf2 {[%emt 0:05:46]} Rd7 {[%emt 0:00:00]} 28. Rd4 {[%emt 0:02:03]} Rxd6 {[%emt 0:00:00]} 29. exd6+ {[%emt 0:00:08]} Kxd6 {[%emt 0:00:00]} 30. g4 {[%emt 0:01:51]} h6 {[%emt 0:00:00]} 31. Rad1 {[%emt 0:03:11]} Kc5 {[%emt 0:00:00]} 32. f5 {[%emt 0:01:45]} Rf8 {[%emt 0:00:00]} 33. Kg3 {[%emt 0:05:48]} h5 {[%emt 0:00:00]} 34. R1d2 {[%emt 0:02:07]} h4+ {[%emt 0:05:08]} 35. Kxh4 {[%emt 0:03:39]} gxf5 {[%emt 0:01:16]} 36. gxf5 {[%emt 0:01:32]} Rh8+ {[%emt 0:00:53]} 37. Kg3 {[%emt 0:00:30]} Rh5 {[%emt 0:01:18]} 38. fxe6 {[%emt 0:01:28]} fxe6 {[%emt 0:01:05]} 39. h4 {[%emt 0:01:51]} Re5 {[%emt 0:02:19]} 40. Rf4 {[%emt 0:07:44]} a5 {[%emt 0:01:34]} 41. Rf8 {[%emt 1:01:10]} Re3+ {[%emt 1:00:21]} 42. Kg4 {[%emt 0:02:35]} Re4+ {[%emt 0:01:05]} 43. Rf4 {[%emt 0:01:33]} Re1 {[%emt 0:00:31]} 44. Kg5 {[%emt 0:00:00]} b4 {[%emt 0:00:00]} 45. h5 {[%emt 0:00:00]} bxa3 {[%emt 0:00:00]} 46. bxa3 {[%emt 0:00:00]} e5 {[%emt 0:00:00]} 47. Rh4 {[%emt 0:00:00]} e4 {[%emt 0:00:00]} 48. h6 {[%emt 0:00:00]} e3 {[%emt 0:00:00]} 49. Rxd5+ {[%emt 0:00:00]} Kxd5 {[%emt 0:00:00]} 50. h7 {[%emt 0:00:00]} e2 {[%emt 0:00:00]} 51. h8=Q {[%emt 0:00:00]} Rg1+ {[%emt 0:00:00]} 52. Kh6 {[%emt 0:00:00]} e1=Q {[%emt 0:00:00]} 53. Qd8+ {[%emt 0:00:00]} Ke6 {[%emt 0:00:00]} 54. Qe8+ {[%emt 0:00:00]} Kf5 {[%emt 0:00:00]} 55. Qf7+ {[%emt 0:00:00]} Ke5 {[%emt 0:00:00]} 56. Qe7+ {[%emt 0:00:00]} Kf5 {[%emt 0:00:00]} 57. Qc5+ {[%emt 0:00:32]} Kf6 {[%emt 0:00:00]} 58. Rf4+ {[%emt 0:00:10]} Ke6 {[%emt 0:00:00]} 59. Qxc4+ {[%emt 0:00:07]} Kd6 {[%emt 0:00:00]} 60. Rd4+ {[%emt 0:00:35]} Ke5 {[%emt 0:00:00]} 61. Qd5+ {[%emt 0:00:22]} Kf6 {[%emt 0:00:00]} 62. Rf4+ {[%emt 0:00:12]} 1-0

[Event "Israel-ch Women 2021"]
[Site "Haifa"]
[Date "2021.03.08"]
[Round "2.21"]
[White "Lian, Marina"]
[Black "Orian, Noga"]
[Result "0-1"]
[WhiteElo "1870"]
[BlackElo "1658"]
[Annotator "NA RC"]
[PlyCount "81"]
[EventDate "2021.01.10"]
[EventType "swiss"]
[EventCountry "ISR"]
[SourceTitle "playchess.com"]
[Source "ChessBase"]
[SourceQuality "1"]
[TimeControl "40/5400+30:3600+30"]

{[%evp 12,70,10,-26,0,1,52,10,41,4,76,79,95,94,93,95,140,146,185,181,204,222,215,264,239,85,84,107,133,104,100,35,79,72,32767,32767,44,37,145,121,32767,32767,697,32767,32767,32767,32767,32767,32767,32767,32767,32767,32767,32767,32767,32767,32767,32767,302,32767,564]} 1. e4 {[%emt 0:01:33]} c5 {[%emt 0:00:00]} 2. Nc3 {[%emt 0:00:07]} Nc6 {[%emt 0:00:00]} 3. f4 {[%emt 0:00:06]} e6 {[%emt 0:00:00]} 4. Nf3 {[%emt 0:00:08]} d5 {[%emt 0:00:00]} 5. Bb5 {[%emt 0:00:34]} d4 {[%emt 0:00:49]} 6. Ne2 {[%emt 0:03:20]} Nge7 {[%emt 0:03:58]} 7. Ng3 {[%emt 0:05:36]} Qc7 {[%emt 0:09:54]} 8. O-O {[%emt 0:14:00]} Bd7 {[%emt 0:06:54]} 9. c3 {[%emt 0:08:52]} O-O-O {[%emt 0:03:18]} 10. cxd4 {[%emt 0:02:24]} cxd4 {[%emt 0:02:28]} (10... Nxd4 $11 11. Nxd4 cxd4 12. Bxd7+ Qxd7) 11. d3 {[%emt 0:01:30]} a6 {[%emt 0:03:52]} 12. Ba4 {[%emt 0:04:26]} f6 {[%emt 0:09:21]} 13. Bd2 {[%emt 0:04:23]} Qb6 {[%emt 0:04:46]} 14. b4 {[%emt 0:06:46]} Na7 {[%emt 0:05:18]} 15. Bxd7+ {[%emt 0:05:23]} Kxd7 {[%emt 0:08:08]} 16. a4 {[%emt 0:10:04]} Nec6 {[%emt 0:03:16]} 17. b5 {[%emt 0:03:12]} axb5 {[%emt 0:03:02]} 18. a5 {[%emt 0:05:43]} (18. axb5 $18 Qxb5 19. Qc2) 18... Qa6 $1 {[%emt 0:09:19]} 19. Qb3 {[%emt 0:02:07]} Re8 {[%emt 0:13:22]} (19... b4 $14) 20. e5 {[%emt 0:00:25]} f5 {[%emt 0:03:34]} 21. Rfc1 {[%emt 0:04:04]} b4 {[%emt 0:01:50]} 22. Ne2 {[%emt 0:08:34]} ({Much weaker is} 22. Nxf5 exf5 23. Nxd4 (23. Qf7+ Be7 $15) 23... Kc8 $17) 22... Nb5 {[%emt 0:00:44]} 23. Qb2 {[%emt 0:03:56]} Qa7 {[%emt 0:02:36]} 24. Rc4 {[%emt 0:00:50]} Nc3 {[%emt 0:01:07]} ({Not} 24... Nxa5 $2 25. Rxb4 Bxb4 26. Bxb4 $18) (24... Rc8 $14) 25. Nexd4 {[%emt 0:00:21]} Nb5 {[%emt 0:04:18]} 26. Kh1 {[%emt 0:00:45]} Na3 $18 {[%emt 0:00:27]} (26... Nbxd4 27. Nxd4 Ra8 28. Nxc6 bxc6) 27. Rcc1 {[%emt 0:01:11]} Qxa5 {[%emt 0:00:33]} 28. Nxc6 {[%emt 0:01:02]} bxc6 {[%emt 0:00:02]} 29. Qd4+ {[%emt 0:01:50]} Kc7 {[%emt 0:01:00]} 30. Qf2 {[%emt 0:00:25]} Qb6 {[%emt 0:00:30]} 31. Be3 {[%emt 0:00:05]} Qa6 {[%emt 0:00:29]} 32. Nd2 {[%emt 0:00:10]} Qxd3 {[%emt 0:00:31]} 33. Bb6+ {[%emt 0:00:24]} Kb7 {[%emt 0:00:25]} 34. Ba5 {[%emt 0:00:37]} Qb5 {[%emt 0:00:23]} 35. Nb3 {[%emt 0:00:27]} Ra8 $2 {[%emt 0:00:40]} (35... Rc8) 36. Nc5+ {[%emt 0:00:26]} Kc8 {[%emt 0:00:28]} 37. Bxb4 {[%emt 0:00:50]} Qxb4 {[%emt 0:00:24]} 38. Nxe6 {[%emt 0:00:02]} Kd7 {[%emt 0:00:40]} 39. Ng5 {[%emt 0:00:39]} Bc5 {[%emt 0:00:29]} 40. e6+ {[%emt 0:00:03]} Kc7 {[%emt 0:00:28]} 41. Qc2 {[%emt 1:03:10]} 0-1

[Event "Israel-ch Women 2021"]
[Site "Haifa"]
[Date "2021.03.08"]
[Round "2.22"]
[White "Aleksandrova, Aleksandra"]
[Black "Haitovich, Avital"]
[Result "1/2-1/2"]
[WhiteElo "1769"]
[BlackElo "1981"]
[Annotator "RC"]
[PlyCount "156"]
[EventDate "2021.01.10"]
[EventType "swiss"]
[EventCountry "ISR"]
[SourceTitle "playchess.com"]
[Source "ChessBase"]
[SourceQuality "1"]
[TimeControl "40/5400+30:3600+30"]

1. d4 {[%emt 0:00:00]} d5 {[%emt 0:00:00]} 2. e3 {[%emt 0:00:00]} Nf6 {[%emt 0:00:00]} 3. Bd3 {[%emt 0:00:00]} e6 {[%emt 0:00:00]} 4. Nd2 {[%emt 0:00:00]} c5 {[%emt 0:00:13]} 5. c3 {[%emt 0:00:00]} Nc6 {[%emt 0:00:09]} 6. f4 {[%emt 0:00:46]} Bd6 {[%emt 0:03:13]} 7. Qf3 {[%emt 0:00:22]} Qc7 {[%emt 0:08:16]} 8. Ne2 {[%emt 0:02:07]} cxd4 {[%emt 0:16:04]} 9. exd4 {[%emt 0:00:59]} Bd7 {[%emt 0:03:36]} 10. h3 {[%emt 0:06:41]} h6 {[%emt 0:03:34]} 11. g4 {[%emt 1:24:35]} O-O-O {[%emt 0:06:11]} 12. b4 {[%emt 0:00:00]} Ne7 {[%emt 0:13:27]} 13. a4 {[%emt 0:00:00]} Ne4 {[%emt 0:11:24]} 14. Bxe4 {[%emt 0:00:00]} dxe4 {[%emt 0:00:09]} 15. Nxe4 {[%emt 0:00:00]} Bc6 {[%emt 0:03:52]} 16. b5 {[%emt 0:00:00]} Bd5 {[%emt 0:06:58]} 17. Rg1 {[%emt 0:00:00]} Bxe4 {[%emt 0:01:47]} 18. Qxe4 {[%emt 0:00:00]} Nd5 {[%emt 0:00:52]} 19. Bd2 {[%emt 0:00:00]} Qc4 {[%emt 0:02:13]} 20. Rg3 {[%emt 0:00:00]} Kb8 {[%emt 0:06:23]} 21. Qd3 {[%emt 0:00:00]} Qxd3 {[%emt 0:01:50]} 22. Rxd3 {[%emt 0:00:00]} Rc8 {[%emt 0:00:16]} 23. Rf3 {[%emt 0:00:00]} Rhe8 {[%emt 0:02:23]} 24. Ng3 {[%emt 0:00:00]} f6 {[%emt 0:05:00]} 25. Kd1 {[%emt 0:00:00]} Rc4 {[%emt 0:00:46]} 26. Kc2 {[%emt 0:00:00]} Rec8 {[%emt 0:02:56]} 27. Kb3 {[%emt 0:00:00]} R4c7 {[%emt 0:00:36]} 28. Re1 {[%emt 0:00:00]} Bxf4 {[%emt 0:01:08]} 29. Rxf4 {[%emt 0:00:00]} Nxf4 {[%emt 0:00:12]} 30. Bxf4 {[%emt 0:00:00]} e5 {[%emt 0:00:24]} 31. dxe5 {[%emt 0:00:00]} Rxc3+ {[%emt 0:00:19]} 32. Kb2 {[%emt 0:00:00]} g5 {[%emt 0:01:05]} 33. Rc1 {[%emt 0:00:00]} Rxc1 {[%emt 0:00:31]} 34. Bxc1 {[%emt 0:00:00]} fxe5 {[%emt 0:00:02]} 35. Be3 {[%emt 0:00:00]} b6 {[%emt 0:00:54]} 36. Nf5 {[%emt 0:00:00]} Rh8 {[%emt 0:00:26]} 37. Kc3 {[%emt 0:01:38]} Kc7 {[%emt 0:00:12]} 38. Kc4 {[%emt 0:00:09]} h5 {[%emt 0:00:54]} 39. Kd5 {[%emt 0:06:21]} hxg4 {[%emt 0:00:07]} 40. hxg4 {[%emt 0:00:01]} Rh1 {[%emt 0:00:39]} 41. a5 {[%emt 1:03:19]} Rb1 {[%emt 1:00:27]} 42. axb6+ {[%emt 0:01:46]} axb6 {[%emt 0:00:01]} 43. Kc4 {[%emt 0:01:01]} Ra1 {[%emt 0:00:00]} 44. Nh6 {[%emt 0:00:00]} Re1 {[%emt 0:00:00]} 45. Bxg5 {[%emt 0:00:00]} Re4+ {[%emt 0:00:00]} 46. Kc3 {[%emt 0:00:00]} Kd6 {[%emt 0:00:00]} 47. Nf5+ {[%emt 0:00:00]} Ke6 {[%emt 0:00:00]} 48. Ne3 {[%emt 0:00:00]} Kd7 {[%emt 0:00:00]} 49. Bh6 {[%emt 0:00:00]} Ke6 {[%emt 0:00:48]} 50. Kb3 {[%emt 0:00:00]} Kf7 {[%emt 0:03:21]} 51. Nc4 {[%emt 0:00:00]} Kg6 {[%emt 0:00:35]} 52. Bd2 {[%emt 0:00:28]} Kf6 {[%emt 0:01:01]} 53. g5+ {[%emt 0:00:33]} Kg6 {[%emt 0:00:20]} 54. Nxb6 {[%emt 0:00:37]} Rd4 {[%emt 0:00:44]} 55. Nc4 {[%emt 0:00:43]} Rd5 {[%emt 0:00:30]} 56. Kb4 {[%emt 0:00:53]} e4 {[%emt 0:00:33]} 57. b6 {[%emt 0:01:02]} Rd8 {[%emt 0:00:25]} 58. Be3 {[%emt 0:01:23]} Kf5 {[%emt 0:00:36]} 59. Kc5 {[%emt 0:00:22]} Rc8+ {[%emt 0:00:26]} 60. Kd5 {[%emt 0:00:15]} Rd8+ {[%emt 0:00:40]} 61. Nd6+ {[%emt 0:00:18]} Kg4 {[%emt 0:00:13]} 62. Kc6 {[%emt 0:00:40]} Kf3 {[%emt 0:00:29]} 63. Kc7 {[%emt 0:00:54]} Rg8 {[%emt 0:00:24]} 64. Nc4 {[%emt 0:00:13]} Rg7+ {[%emt 0:00:23]} 65. Kc8 {[%emt 0:00:28]} Rg8+ {[%emt 0:00:37]} 66. Kb7 {[%emt 0:00:03]} Rg7+ {[%emt 0:00:13]} 67. Ka8 {[%emt 0:00:03]} Rg8+ {[%emt 0:00:26]} 68. Ka7 {[%emt 0:00:02]} Rg7+ {[%emt 0:00:06]} 69. b7 {[%emt 0:00:07]} Rc7 {[%emt 0:00:31]} 70. Nb6 {[%emt 0:01:31]} Rg7 {[%emt 0:01:31]} 71. Ka8 {[%emt 0:00:20]} Rxb7 {[%emt 0:00:33]} 72. Kxb7 {[%emt 0:00:02]} Kxe3 {[%emt 0:00:02]} 73. Nd5+ {[%emt 0:00:19]} Kd4 {[%emt 0:00:18]} 74. Kc6 {[%emt 0:00:14]} Ke5 {[%emt 0:00:42]} 75. Ne3 {[%emt 0:05:02]} Ke6 {[%emt 0:00:09]} 76. Kc5 {[%emt 0:00:42]} Kf7 {[%emt 0:00:21]} 77. Kd5 {[%emt 0:00:20]} Kg6 {[%emt 0:00:02]} 78. Kxe4 {[%emt 0:00:02]} Kxg5 {[%emt 0:00:07]} 1/2-1/2

[Event "Israel-ch Women 2021"]
[Site "Haifa"]
[Date "2021.03.08"]
[Round "2.23"]
[White "Kochavi, Dana"]
[Black "Gadasi, Noam"]
[Result "1/2-1/2"]
[WhiteElo "1572"]
[BlackElo "1781"]
[Annotator "NA RC"]
[PlyCount "81"]
[EventDate "2021.01.10"]
[EventType "swiss"]
[EventCountry "ISR"]
[SourceTitle "playchess.com"]
[Source "ChessBase"]
[SourceQuality "1"]
[TimeControl "40/5400+30:3600+30"]

1. e4 {[%emt 0:00:00]} c5 {[%emt 0:00:00]} 2. Nf3 {[%emt 0:00:00]} d6 {[%emt 0:00:00]} 3. d4 {[%emt 0:00:00]} cxd4 {[%emt 0:00:04]} 4. Nxd4 {[%emt 0:00:00]} Nf6 {[%emt 0:00:13]} 5. Nc3 {[%emt 0:00:00]} a6 {[%emt 0:00:17]} 6. Bc4 {[%emt 0:04:49]} e6 {[%emt 0:01:06]} 7. Bb3 {[%emt 0:00:44]} Be7 {[%emt 0:02:58]} 8. O-O {[%emt 0:01:07]} Nc6 {[%emt 0:00:58]} 9. a4 {[%emt 0:07:55]} Qc7 {[%emt 0:02:39]} 10. h3 {[%emt 0:05:56]} O-O {[%emt 0:05:39]} 11. Be3 {[%emt 0:03:03]} Na5 {[%emt 0:03:38]} 12. f4 {[%emt 0:15:26]} Nc4 {[%emt 0:17:04]} 13. Bxc4 {[%emt 0:00:36]} Qxc4 {[%emt 0:00:02]} 14. Qd3 {[%emt 0:00:40]} Qxd3 {[%emt 0:02:25]} 15. cxd3 {[%emt 0:00:04]} Nd7 {[%emt 0:00:59]} 16. Rfd1 {[%emt 0:03:51]} Bf6 {[%emt 0:03:57]} 17. Nce2 {[%emt 0:09:08]} g6 {[%emt 0:09:04]} 18. Ra2 {[%emt 0:10:39]} b6 {[%emt 0:04:42]} 19. b4 {[%emt 0:05:04]} a5 {[%emt 0:03:04]} 20. bxa5 {[%emt 0:09:38]} Rxa5 {[%emt 0:01:41]} 21. Nb3 {[%emt 0:00:04]} Ra8 {[%emt 0:03:12]} 22. d4 {[%emt 0:00:25]} Bb7 {[%emt 0:02:37]} 23. Nc3 {[%emt 0:01:48]} Rfc8 {[%emt 0:03:09]} 24. Rc1 {[%emt 0:00:05]} Rc4 {[%emt 0:06:47]} 25. Nd2 {[%emt 0:01:02]} Rb4 {[%emt 0:01:01]} 26. Ne2 {[%emt 0:01:45]} Ba6 {[%emt 0:01:29]} 27. Rc7 {[%emt 0:04:45]} Nf8 {[%emt 0:02:42]} 28. Kf2 {[%emt 0:00:06]} Bxe2 {[%emt 0:00:30]} 29. Kxe2 {[%emt 0:00:04]} Bxd4 {[%emt 0:01:44]} 30. Nc4 {[%emt 0:01:22]} Bxe3 {[%emt 0:02:03]} 31. Kxe3 {[%emt 0:00:08]} d5 {[%emt 0:03:54]} 32. Nd6 {[%emt 0:01:34]} Rd8 {[%emt 0:02:30]} 33. e5 {[%emt 0:01:01]} Rd7 {[%emt 0:00:45]} 34. Rc6 {[%emt 0:01:42]} Ra7 {[%emt 0:05:57]} 35. Ne8 {[%emt 0:00:17]} Ra8 {[%emt 0:01:17]} 36. Nf6+ {[%emt 0:00:05]} Kg7 {[%emt 0:00:14]} 37. g4 {[%emt 0:01:00]} Rb8 {[%emt 0:02:53]} 38. Kf3 {[%emt 0:01:41]} Rc4 {[%emt 0:00:48]} 39. Rd6 {[%emt 0:00:31]} Rc3+ {[%emt 0:01:39]} 40. Kg2 {[%emt 0:00:12]} h6 {[%emt 0:00:38]} 41. Rb2 {[%emt 1:03:14]} 1/2-1/2

[Event "Israel-ch Women 2021"]
[Site "Haifa"]
[Date "2021.03.09"]
[Round "3.17"]
[White "Shvayger, Yuliya"]
[Black "Katkov, Michelle"]
[Result "0-1"]
[WhiteElo "2327"]
[BlackElo "2078"]
[Annotator "TA"]
[PlyCount "124"]
[EventDate "2021.01.10"]
[EventType "swiss"]
[EventCountry "ISR"]
[SourceTitle "playchess.com"]
[Source "ChessBase"]
[SourceQuality "1"]

{[%evp 23,124,0,4,0,0,0,-4,0,0,0,64,64,80,30,26,29,29,40,35,0,0,-69,-70,-162,-146,-134,-174,-160,-110,-104,-116,-128,-125,-146,-138,-222,-239,-399,-292,-278,-270,-264,-268,-268,-253,-261,-264,-262,-273,-268,-278,-292,-276,-281,-263,-292,-232,-237,-222,-370,-370,-354,-320,-379,-368,-386,-526,-392,-371,-592,-565,-592,-585,-585,-236,-585,-578,-570,-563,-562,-556,-540,-421,-331,-45,-54,-70,-109,0,-310,-316,-748,-727,-866,-856,-838,-820,-799,-771,-29978,-29978,-6455,-5144]} 1. e4 e5 2. Nf3 Nc6 3. Bb5 a6 4. Ba4 Nf6 5. O-O Nxe4 6. d4 b5 7. Bb3 d5 8. dxe5 Be6 9. c3 Bc5 10. Nbd2 O-O 11. Bc2 Nxf2 {The main line 11...Nxf2 scores better than 11...Bf5.} 12. Rxf2 f6 13. Nf1 {[%cal Bd2f1,Bf1e3,Be3g4][%mdl 32] Threatens to win with Be3. C82: Open Ruy Lopez: 9 c3 without 9...Be7.} Bxf2+ 14. Kxf2 fxe5 15. Kg1 {The position is equal.} Bg4 16. Ne3 Bxf3 (16... Be6 $1 $11) 17. gxf3 $14 {[#]} d4 $146 ({Predecessor:} 17... Qg5+ 18. Ng4 Qd8 19. Qd3 g6 20. Bb3 Ne7 21. Bg5 c6 22. Re1 Qd6 23. Nxe5 Rae8 {1-0 (41) Nielsen,V (2300)-Rasmussen,L (1991) Aarhus 2020}) 18. Ng4 dxc3 19. bxc3 {Strongly threatening Qe1.} Qxd1+ 20. Bxd1 {And now Bb3+ would win.} Rad8 21. Be3 Rd3 $36 {[%mdl 2048] aiming for ...h5. Black has the initiative.} 22. Rc1 (22. Bc5 $11 Rxc3 23. Bxf8) 22... h5 $15 23. Bc5 hxg4 $19 24. Bb3+ {[#]} Rf7 $1 25. fxg4 Na5 26. Be6 Rdf3 27. Re1 Nc4 ({And not} 27... Rxc3 28. Bb4 $16) 28. a4 R3f6 ({Don't blunder} 28... Rxc3 $2 29. Rf1 $18) 29. Bd5 (29. Bxf7+ $17 Kxf7 30. axb5) 29... c6 30. Bg2 (30. Bxf7+ {is a better defense.} Kxf7 31. Ra1) 30... Rd7 31. g5 Rf4 32. Bxc6 Rc7 33. axb5 axb5 34. Bd5+ Kh8 35. Bf2 Rg4+ 36. Bg3 Rxg5 37. Re4 {White threatens Rh4+ and mate.} g6 38. Kf2 Rf5+ 39. Ke2 Kh7 40. Be6 Rf6 41. Rh4+ (41. Bxc4 $142 Rxc4 42. Rxc4 bxc4 43. Ke3) 41... Kg7 42. Bxc4 bxc4 43. Bxe5 {[%mdl 4096] Endgame KRR-KRB} Re7 44. Re4 Kf7 45. Ke3 Rfe6 46. Kd4 (46. Kf4 {only move.}) 46... g5 47. Re3 Kg6 48. Kd5 g4 (48... Re8 $142 49. Re2 R6e7) 49. Re1 $2 (49. Re2 {nothing else works.}) 49... Re8 50. Re4 Kh5 51. Re1 R6e7 $1 {[%cal Re7d7]} 52. Kd6 Kg6 53. Re4 {[#]} Kf5 (53... Kh7 $1 $19 {White must now prevent ...Ra7.} 54. Re1 Ra7) 54. Rf4+ $15 Kg5 55. Re4 {[#]} Kh5 $2 (55... Re6+ $1 $17 56. Kd5 Kh5) 56. Re1 $1 $19 Ra7 57. Re4 $2 (57. Kd5) 57... Ra5 58. Re1 Kg6 59. Re2 Kf5 {[%cal Re8e5]} 60. Rf2+ Ke4 61. Bg7 Rd5+ 62. Kc6 Re6+ {Weighted Error Value: White=0.64/Black=0.32} 0-1